Teaching of special english : (Record no. 41630)

MARC details
000 -LEADER
fixed length control field 00733nam a22001937a 4500
005 - DATE AND TIME OF LATEST TRANSACTION
control field 20100813141122.0
010 ## - LCCN (DPL NO)
LC control number ENG-100146
020 ## - INTERNATIONAL STANDARD BOOK NUMBER
International Standard Book Number 9789380217567
Terms of availability 125.00
035 ## - SYSTEM CONTROL NUMBER
System control number EN-83678
037 ## - SOURCE OF ACQUISITION
Source of stock number/acquisition DBAD/PUB
082 ## - DEWEY DECIMAL CLASSIFICATION NUMBER
Classification number 480
100 ## - MAIN ENTRY--PERSONAL NAME
Personal name Arulselvi, Evangelin
245 ## - TITLE STATEMENT
Title Teaching of special english :
Remainder of title tamilnadu teacher education university new syllabus 2009-2010 /
Statement of responsibility, etc by Evangelin Arulselvi
260 ## - PUBLICATION, DISTRIBUTION, ETC. (IMPRINT)
Place of publication, distribution, etc Chennai
Name of publisher, distributor, etc Saratha Pathippagam
Date of publication, distribution, etc 2009
270 ## - ADDRESS
Address 10/14, Thoppu Venatachalam Street, Triplicane,
City Chennai
Postal code 600005
300 ## - PHYSICAL DESCRIPTION
Extent 272p.:
Dimensions 21cm (pbk)
Other physical details ill
942 ## - ADDED ENTRY ELEMENTS (KOHA)
Source of classification or shelving scheme Dewey Decimal Classification
Item type English Books
Classification part 480
Call number suffix ARU
Holdings
Withdrawn status Lost status Not for loan Collection code Home library Current library Date acquired Source of acquisition Cost, normal purchase price Full call number Barcode Copy number Cost, replacement price Koha item type
    Not For Loan Non-fiction D.B.Act.Division D.B.Act.Division 13/08/2010 DBAD/PUB 125.00 480 ARU EN-83678 1 125.00 English Books

© Delhi Public Library
Hit Counter
free hit counter